000 00598nam a2200205Ia 4500
003 GCL
008 140319s9999 xx 000 0 ara d
040 _aGCL /
_cGCL
082 0 4 _a658.5
_bج ج
100 1 _aجرمين حزين سعد
245 1 0 _aالجدولة والرقابة على الانتاج /
_cجرمين حزين سعد
260 _a[S.N] :
_bلا يوجد ،
_c1986
300 _a327 ص
490 _a
650 0 4 _aالادارة
650 0 4 _aادارة الانتاج
650 0 4 _aتخطيط الانتاج
650 0 4 _aمراقبة الانتاج
942 _2ddc
_cBK
999 _c36899
_d36899